00688nam a2200169 a 450000100100000000500170001000800410002704000250006808200150009311101080010824500940021626000350031030000340034504900090037995201130038899900170050100002993220200930055922.0110427s1968 dr ac 000 0 spa d aDO-SdBNPbspacBNPHU axxxbP796a1 aPonencias del semanario de desarrollo, población y familia.d1968 dic. 4, 5 y 6cSanto Domingo95667510aArzobispado de Santo Domingo y centro latinoaméricano de población y familia (CELAP). aSanto Domingo :b[s.n],c1968. a214 p. :bil, retr. ;c24 cm. aBNPD 0010718PDaPDbPDcCTd2011-04-27iLF1l0oxxx P796ap29932-10r2020-06-25w2020-06-25yLFPDZNo se presta c29424d29424